| 000 | 00426 a2200157 4500 | ||
|---|---|---|---|
| 020 | _a0-333-39334-1 | ||
| 041 | _aEng | ||
| 082 |
_a301.03 _bSe96d _cR |
||
| 100 | _aSeymour-Smith, Charlotte | ||
| 245 | _aDictionary of anthropology. | ||
| 260 |
_aNew York: _bPalgrave, _c1986 |
||
| 300 | _avi, 305p. | ||
| 650 |
_aDictionaries _aAnthropological dictionary _aAlphabetized _aMeaning |
||
| 653 | _aAnthropology | ||
| 942 |
_2ddc _cREF |
||
| 999 |
_c68962 _d68948 |
||